[Event "World Rapid 2019"]
[Site "Moscow RUS"]
[Date "2019.12.27"]
[Round "6.80"]
[White "Zarubitski, Viachaslau"]
[Black "Atabayev, Maksat"]
[Result "1-0"]
[WhiteTitle "IM"]
[BlackTitle "GM"]
[WhiteElo "2451"]
[BlackElo "2475"]
[WhiteFideId "13509373"]
[BlackFideId "14001101"]
[EventDate "2019.12.26"]

1. e4 c5 2. Nf3 e6 3. b3 Nf6 4. e5 Nd5 5. c4 Nb6 6. Bb2 Nc6 7. g3 d5 8. exd6
Qxd6 9. Bg2 f6 10. d4 cxd4 11. Nxd4 Nxd4 12. Qxd4 Qc7 13. O-O Bd7 14. Qe4 Rb8
15. Nc3 Be7 16. Nb5 Bxb5 17. cxb5 Kf7 18. Rfe1 e5 19. Rac1 Qd7 20. a4 Qe6 21. a5
Nd7 22. Rc7 Rhc8 23. Rec1 Rxc7 24. Rxc7 Nc5 25. Qd5 b6 26. Rxa7 e4 27. Qxe6+
Kxe6 28. a6 f5 29. Bf1 Nd3 30. Bd4 Bc5 31. Bxc5 Nxc5 32. Bc4+ Ke5 33. Rxg7 Rd8
34. Re7+ Kd4 35. a7 h5 36. Kg2 h4 37. Kh3 hxg3 38. hxg3 Rh8+ 39. Kg2 Nd3 40.
Rd7+ Kc3 41. Rb7 Ne1+ 42. Kf1 Rh1+ 43. Ke2 Nc2 44. f4 Nd4+ 45. Ke3 Rh2 46. Bd3
exd3 47. Rc7+ Kb2 48. Kxd3 Nxb5 49. a8=Q Nxc7 50. Qc6 Rh7 51. Qxb6 Rd7+ 52. Ke2
Nd5 53. Qc6 Nc3+ 54. Kf1 Rd2 55. Qf6 Rd5 56. Kg2 Kxb3 57. Qe6 Kc4 58. g4 fxg4
59. f5 Nb5 60. f6 Nd4 61. Qxg4 Rf5 62. f7 Rf6 63. Qg5 Rxf7 64. Qg8 Kd3 65. Qxf7
Ne2 66. Qd5+ Nd4 67. Kf2 Kc3 68. Ke3 Nc2+ 69. Ke4 Nb4 70. Qc5+ Kb3 71. Kd4 Nc2+
72. Kd3 Nb4+ 73. Kd2 Na2 74. Qb6+ Nb4 75. Qb5 Ka3 76. Kc3 Na2+ 77. Kc4 1-0

[Event "World Rapid 2019"]
[Site "Moscow RUS"]
[Date "2019.12.27"]
[Round "6.81"]
[White "Frolyanov, Dmitry"]
[Black "Luukkonen, Tommi"]
[Result "1-0"]
[WhiteTitle "GM"]
[BlackTitle "FM"]
[WhiteElo "2556"]
[BlackElo "2290"]
[WhiteFideId "4151976"]
[BlackFideId "501808"]
[EventDate "2019.12.26"]

1. e4 e5 2. Nf3 Nc6 3. Bb5 a6 4. Ba4 Nge7 5. c3 g6 6. d4 exd4 7. cxd4 b5 8. Bc2
Bg7 9. O-O O-O 10. d5 Na5 11. Nc3 c5 12. d6 Nec6 13. Nd5 Nc4 14. Bg5 f6 15. Bf4
Nxb2 16. Ne7+ Kh8 17. Qc1 Nc4 18. Nxc6 dxc6 19. Rd1 Bg4 20. Bg3 Qd7 21. Bb3 Bxf3
22. gxf3 Ne5 23. Qxc5 Nxf3+ 24. Kh1 f5 25. e5 Ng5 26. Rac1 f4 27. Bh4 Qg4 28.
Bxg5 Qf3+ 29. Kg1 Qg4+ 30. Kf1 Rf5 31. d7 Qh3+ 32. Ke1 Rxe5+ 33. Qxe5 Bxe5 34.
d8=Q+ Rxd8 35. Rxd8+ 1-0

[Event "World Rapid 2019"]
[Site "Moscow RUS"]
[Date "2019.12.27"]
[Round "6.83"]
[White "Kim, Alexey"]
[Black "Gareyev, Timur"]
[Result "0-1"]
[WhiteTitle "GM"]
[BlackTitle "GM"]
[WhiteElo "2464"]
[BlackElo "2598"]
[WhiteFideId "4129776"]
[BlackFideId "14200937"]
[EventDate "2019.12.26"]

1. e4 c6 2. d4 d5 3. Nd2 g6 4. e5 Bf5 5. h3 Bg7 6. Ngf3 f6 7. g4 Bc8 8. Bd3 c5
9. c4 cxd4 10. cxd5 fxe5 11. Qc2 Nf6 12. Nxe5 O-O 13. Bc4 b5 14. Bb3 Qd6 15. f4
Bb7 16. Ne4 Nxe4 17. Qxe4 a5 18. a3 Na6 19. Qxd4 Nc5 20. Ba2 Nd7 21. Be3 Nxe5
22. fxe5 Bxe5 23. Qd2 b4 24. Rc1 Qf6 25. g5 Qf3 26. Rg1 Bg3+ 0-1

[Event "World Rapid 2019"]
[Site "Moscow RUS"]
[Date "2019.12.27"]
[Round "6.84"]
[White "Mesropov, Konstantin"]
[Black "Castellanos Rodriguez, Renier"]
[Result "1-0"]
[WhiteTitle "IM"]
[BlackTitle "IM"]
[WhiteElo "2422"]
[BlackElo "2474"]
[WhiteFideId "4116887"]
[BlackFideId "3404650"]
[EventDate "2019.12.26"]

1. d4 g6 2. e4 Bg7 3. Nc3 d6 4. Be3 a6 5. a4 Nf6 6. f3 Nc6 7. Qd2 O-O 8. Nge2
Bd7 9. g4 b5 10. g5 Nh5 11. Ng3 e5 12. Nxh5 gxh5 13. dxe5 Nxe5 14. Be2 Ng6 15.
f4 Qe7 16. Bd3 Bxc3 17. Qxc3 Bf5 18. Qf6 Bd7 19. Rg1 Rfe8 20. Kd2 bxa4 21. Bd4
Qxf6 22. gxf6 Kh8 23. f5 Ne5 24. Rg7 Nf3+ 25. Ke3 Nxd4 26. Kxd4 Rf8 27. Rag1 Rg8
28. R1g5 h6 29. Rg3 Rxg7 30. Rxg7 Be8 31. Bc4 Rb8 32. Bxf7 Bxf7 33. Rxf7 Rxb2
34. Rxc7 Kg8 35. Kd5 a3 36. Ke6 Rb8 37. f7+ Kg7 38. Rc3 a2 39. Rg3+ Kh7 40. Ra3 1-0

[Event "World Rapid 2019"]
[Site "Moscow RUS"]
[Date "2019.12.27"]
[Round "6.85"]
[White "Sychev, Klementy"]
[Black "Deviatkin, Andrei"]
[Result "1/2-1/2"]
[WhiteTitle "GM"]
[BlackTitle "GM"]
[WhiteElo "2563"]
[BlackElo "2436"]
[WhiteFideId "4114060"]
[BlackFideId "4121260"]
[EventDate "2019.12.26"]

1. e4 c6 2. d4 d5 3. Nd2 dxe4 4. Nxe4 h6 5. Nf3 Bf5 6. Nc5 Qc7 7. Bd3 Bxd3 8.
Nxd3 Nd7 9. Bf4 Qa5+ 10. Bd2 Qf5 11. Qe2 e6 12. O-O-O Ngf6 13. Rde1 Qb5 14. Nfe5
Nxe5 15. dxe5 Nd7 16. f4 Nc5 17. Nf2 Qa4 18. Kb1 O-O-O 19. Rd1 Be7 20. b3 Qa6
21. Qxa6 Nxa6 22. c3 Rd5 23. Kc2 f5 24. exf6 Bxf6 25. Rhe1 Re8 26. c4 Rdd8 27.
Ne4 Be7 28. Nf2 Bb4 29. Nd3 Bxd2 30. Rxd2 Re7 31. Kc3 Red7 32. Ree2 b6 33. a3
Rd6 34. b4 Kc7 35. g4 c5 36. b5 Nb8 37. Ne5 Rxd2 38. Rxd2 Rf8 39. Ng6 Rf6 40. f5
exf5 41. Nf4 Rd6 42. Nd5+ Kd8 43. gxf5 Ke8 44. Re2+ Kf8 45. Re6 Rd7 46. f6 gxf6
47. Nxf6 Rd4 48. Nd5 Nd7 49. Rxh6 Ne5 50. Rh8+ Kg7 51. Ra8 Rd3+ 52. Kc2 Rxa3 53.
Nxb6 Kg6 54. Nc8 Nxc4 55. Rxa7 Rh3 56. b6 Nxb6 57. Nxb6 Rxh2+ 58. Kc3 c4 59. Ra5
Rh3+ 60. Kxc4 Rh4+ 61. Kd3 Rh3+ 62. Ke4 Rh4+ 63. Kf3 Rh1 64. Nc4 Kf6 65. Ke4
Rh4+ 66. Kd3 Rh1 67. Ne3 Ke6 68. Ng2 Kd6 69. Ne3 Ke6 70. Ra6+ Kd7 71. Kd4 Re1
72. Nc4 Rd1+ 73. Kc5 Ke7 74. Ne3 Rc1+ 75. Kd4 Re1 76. Rb6 Kd7 77. Nc4 Rd1+ 78.
Kc5 Ke7 79. Rh6 Ra1 80. Ne5 Rc1+ 81. Kd4 Rd1+ 82. Kc4 Rc1+ 83. Kd3 Rd1+ 84. Ke2
Ra1 85. Nc6+ Kd7 86. Kd3 Ra4 87. Nd4 Ra1 88. Kc4 Rc1+ 89. Kd5 Rd1 90. Rh7+ Kd8
91. Ke5 Rd2 92. Ne6+ Ke8 93. Nc7+ Kd8 94. Nd5 Rd1 95. Ke6 Kc8 96. Kd6 Rd2 97.
Rh1 Kb7 98. Rc1 Rh2 99. Rb1+ Ka6 100. Rb3 Rh6+ 101. Kc5 Rh5 102. Rb6+ Ka5 103.
Rb8 Ka4 104. Rb7 Rg5 105. Rb1 Rh5 106. Rb8 Rg5 107. Rh8 Kb3 108. Rh3+ Kc2 109.
Kd4 Rg4+ 110. Ke5 Rg8 111. Ne3+ Kd2 112. Kd4 Rd8+ 113. Nd5 Kc2 114. Rg3 Kb2 115.
Rf3 Kc2 116. Rc3+ Kd2 117. Rc7 Ke2 118. Rf7 Rd6 119. Rf8 Rd7 120. Ke4 Ra7 121.
Nf4+ Kd2 122. Rd8+ Kc2 123. Nd5 Rh7 124. Ne3+ Kc3 125. Rc8+ Kb4 126. Nc2+ 1/2-1/2

[Event "World Rapid 2019"]
[Site "Moscow RUS"]
[Date "2019.12.27"]
[Round "6.86"]
[White "Potkin, Vladimir"]
[Black "Batchuluun, Tsegmed"]
[Result "1-0"]
[WhiteTitle "GM"]
[BlackTitle "GM"]
[WhiteElo "2583"]
[BlackElo "2530"]
[WhiteFideId "4131061"]
[BlackFideId "4900847"]
[EventDate "2019.12.26"]

1. d4 Nf6 2. c4 e6 3. Nf3 d5 4. Nc3 Be7 5. Bf4 O-O 6. e3 Nbd7 7. a3 c5 8. cxd5
Nxd5 9. Nxd5 exd5 10. dxc5 Nxc5 11. Be2 Bf6 12. Be5 Bxe5 13. Nxe5 Bf5 14. O-O
Qd6 15. Nf3 Rfd8 16. Rc1 Rac8 17. Nd4 Be4 18. Bg4 Ne6 19. Qa4 a6 20. Rfd1 Rxc1
21. Rxc1 h6 22. Qb4 Qxb4 23. axb4 Nxd4 24. exd4 Rd6 25. Be2 Rb6 26. b5 axb5 27.
Rc5 Rd6 28. f3 Bf5 29. Bxb5 g5 30. Kf2 Kg7 31. b4 Be6 32. Ke3 Kf6 33. Bd3 Ke7
34. f4 f6 35. f5 Bf7 36. Be2 b6 37. Rc7+ Rd7 38. Rc6 Rd6 39. Rc3 Rd7 40. Ra3 Rc7
41. Ra6 Rb7 42. Ra8 h5 43. g3 h4 44. gxh4 gxh4 45. Kd2 Be8 46. Ba6 Rc7 47. Rb8
Bd7 48. Rxb6 Bxf5 49. Rb7 Kd6 50. Rxc7 Kxc7 51. Ke3 Kb6 52. Bf1 Bd7 53. Kf4 Bb5
54. Bg2 Bc4 55. Kf5 Kb5 56. Kxf6 Kxb4 57. Ke5 Kc3 58. Bxd5 Bb5 59. Be4 Kd2 60.
d5 Ke3 61. d6 h3 62. Bf5 Kf2 63. Bxh3 Kg1 64. Bf1 Kxf1 65. h4 1-0

[Event "World Rapid 2019"]
[Site "Moscow RUS"]
[Date "2019.12.27"]
[Round "6.87"]
[White "Novikov, Stanislav"]
[Black "Ismagambetov, Anuar"]
[Result "0-1"]
[WhiteTitle "GM"]
[BlackTitle "GM"]
[WhiteElo "2531"]
[BlackElo "2528"]
[WhiteFideId "4125371"]
[BlackFideId "13701525"]
[EventDate "2019.12.26"]

1. g3 g6 2. Bg2 Bg7 3. Nf3 Nf6 4. O-O O-O 5. c4 d6 6. Nc3 e5 7. d3 Nc6 8. Rb1 h6
9. b4 Be6 10. b5 Ne7 11. a4 Qd7 12. Ba3 b6 13. Ne1 Rae8 14. Ra1 Bh3 15. e4 Bxg2
16. Kxg2 Nh7 17. Bc1 f5 18. f3 f4 19. g4 h5 20. h3 Bf6 21. Rh1 Kg7 22. Kf1 Rh8
23. gxh5 Ng5 24. h4 Rxh5 25. Ra2 Reh8 26. Rah2 Ne6 27. Ng2 Kf7 28. Nd5 Nxd5 29.
cxd5 Nf8 30. Kg1 Qd8 31. Qe1 Nd7 32. Ba3 R8h7 33. Bb4 Be7 34. Qf2 Nc5 35. Bxc5
dxc5 36. Qe1 Qd6 37. Qc1 Rh8 38. Qc3 Ke8 39. Qc1 Kd8 40. Qc3 Bf6 41. Qc1 Qe7 42.
Qe1 Kc8 43. Qf2 Kb7 44. Qe1 c4 45. d4 Qa3 46. Qe2 Qa1+ 47. Ne1 Qxd4+ 48. Kf1 Be7
49. Nc2 Qc3 50. Ne1 Bb4 51. Nc2 Bc5 52. Ne1 Qb3 53. Qc2 Qb4 54. Ke2 g5 55. Ng2
c3 56. Kd1 Qd4+ 57. Kc1 gxh4 58. Rxh4 Rxh4 59. Rxh4 Rxh4 60. Nxh4 Qe3+ 61. Kb1
Qe1+ 0-1

[Event "World Rapid 2019"]
[Site "Moscow RUS"]
[Date "2019.12.27"]
[Round "6.88"]
[White "Abdusattorov, Nodirbek"]
[Black "Yilmaz, Mustafa"]
[Result "0-1"]
[WhiteTitle "GM"]
[BlackTitle "GM"]
[WhiteElo "2635"]
[BlackElo "2604"]
[WhiteFideId "14204118"]
[BlackFideId "6302718"]
[EventDate "2019.12.26"]

1. d4 Nf6 2. c4 e6 3. Nc3 d5 4. cxd5 exd5 5. Bg5 c6 6. e3 Be7 7. Bd3 Nbd7 8. Nf3
Ne4 9. Bxe7 Qxe7 10. O-O O-O 11. Qc2 Ndf6 12. Ne2 g6 13. Ne5 Bf5 14. Ng3 Nxg3
15. hxg3 Bxd3 16. Nxd3 a5 17. Rfe1 Ne4 18. a4 Rfe8 19. b3 h5 20. Rab1 Kg7 21.
Ne5 Rh8 22. Nf3 g5 23. Nd2 f5 24. Nf3 h4 25. g4 h3 26. Ne5 fxg4 27. Nxg4 Rh4 28.
Ne5 Rf8 29. Rf1 hxg2 30. Kxg2 Qe6 31. Rh1 Rxh1 32. Rxh1 Rxf2+ 33. Qxf2 Nxf2 34.
Kxf2 Qf5+ 35. Kg3 Qe4 36. Rf1 Qxe3+ 37. Rf3 Qg1+ 38. Kh3 Qxd4 39. Rf7+ Kg8 40.
Re7 Qh4+ 41. Kg2 Qe4+ 42. Kg3 d4 0-1

[Event "World Rapid 2019"]
[Site "Moscow RUS"]
[Date "2019.12.27"]
[Round "6.89"]
[White "Yagupov, Igor"]
[Black "Reshetnikov, Alexey"]
[Result "1/2-1/2"]
[WhiteTitle "GM"]
[BlackTitle "IM"]
[WhiteElo "2357"]
[BlackElo "2492"]
[WhiteFideId "4113632"]
[BlackFideId "4162080"]
[EventDate "2019.12.26"]

1. e4 c5 2. Nf3 Nc6 3. d4 cxd4 4. Nxd4 Nf6 5. Nc3 Qb6 6. Nb3 e6 7. a3 Qc7 8. Be3
a6 9. f4 d6 10. g4 b5 11. g5 Nd7 12. f5 Nde5 13. fxe6 fxe6 14. Be2 Be7 15. O-O
Bd7 16. Qe1 Nf7 17. Qg3 O-O 18. Rf2 Nfe5 19. Raf1 Rxf2 20. Rxf2 Rf8 21. Rxf8+
Bxf8 22. h4 g6 23. Qf2 Bg7 24. Nd4 Nxd4 25. Bxd4 Bc6 26. Kf1 Qb7 27. Qe3 Kf7 28.
b4 Bd7 29. Nd1 Qc6 30. c3 Kg8 31. Nf2 Bc8 32. Kg1 Bb7 33. Qh3 Bc8 34. Qe3 Bb7
35. Qh3 Qd7 36. Qe3 Qc6 37. Qh3 Kf7 38. Qe3 Ke7 39. Kh2 Kf7 40. Kh3 Kg8 41. Kh2
Qc7 42. Kg1 Qc6 43. Qh3 Bc8 44. Qe3 Bb7 45. Qh3 Qd7 46. Qe3 Qc6 1/2-1/2

[Event "World Rapid 2019"]
[Site "Moscow RUS"]
[Date "2019.12.27"]
[Round "6.90"]
[White "Pigusov, Evgeny"]
[Black "Santos Ruiz, Miguel"]
[Result "0-1"]
[WhiteTitle "GM"]
[BlackTitle "GM"]
[WhiteElo "2555"]
[BlackElo "2585"]
[WhiteFideId "4100514"]
[BlackFideId "22291482"]
[EventDate "2019.12.26"]

1. Nf3 d5 2. g3 g6 3. Bg2 Bg7 4. d4 Nd7 5. O-O Ngf6 6. c4 dxc4 7. Nc3 O-O 8. e4
c6 9. a4 e5 10. a5 Qe7 11. dxe5 Ng4 12. Qd6 Re8 13. Bg5 Qf8 14. a6 Ndxe5 15.
Qxf8+ Kxf8 16. axb7 Bxb7 17. Ra2 Nd3 18. h3 Nge5 19. Nxe5 Bxe5 20. Bh6+ Kg8 21.
Be3 c5 22. Na4 Bd4 23. Bxd4 0-1

[Event "World Rapid 2019"]
[Site "Moscow RUS"]
[Date "2019.12.27"]
[Round "6.91"]
[White "Huzman, Alexander"]
[Black "Tengis, Tsog-Ochir"]
[Result "1-0"]
[WhiteTitle "GM"]
[BlackTitle "FM"]
[WhiteElo "2567"]
[BlackElo "2190"]
[WhiteFideId "2803828"]
[BlackFideId "4902718"]
[EventDate "2019.12.26"]

1. Nf3 Nf6 2. c4 g6 3. Nc3 d5 4. cxd5 Nxd5 5. Qc2 Nc6 6. Qb3 Nb6 7. d4 Bg7 8. e3
O-O 9. Be2 e5 10. d5 Ne7 11. e4 c6 12. dxc6 Nxc6 13. Bg5 Qe8 14. O-O Be6 15. Nd5
Bxd5 16. exd5 Nd4 17. Nxd4 exd4 18. Bf3 Qd7 19. Rfe1 Rfe8 20. h3 h6 21. Bf4
Rxe1+ 22. Rxe1 Re8 23. Rc1 Qf5 24. Bd2 Be5 25. Re1 Bh2+ 26. Kf1 Rxe1+ 27. Bxe1
Bd6 28. Bg4 Qb1 29. Be2 Qf5 30. Bg4 Qb1 31. Be2 Kg7 32. Bd3 Qc1 33. a3 Qc7 34.
Bd2 Nd7 35. Qc4 Qxc4 36. Bxc4 g5 37. Ke2 Kf6 38. Bb5 Nb6 39. Kd3 Ke5 40. Be8 f6
41. Bf7 Nxd5 42. Bxd5 Kxd5 43. a4 Bf4 44. Bb4 b6 45. g4 Be5 46. b3 f5 47. Bf8
fxg4 48. hxg4 Bf6 49. Bxh6 a6 50. f4 gxf4 51. Bxf4 b5 52. a5 Kc5 53. g5 Bg7 54.
Bd2 Kd5 55. Bb4 Ke6 56. Ke4 Bh8 57. Bc5 d3 58. Kxd3 Kf5 59. Bd4 1-0

[Event "World Rapid 2019"]
[Site "Moscow RUS"]
[Date "2019.12.27"]
[Round "6.92"]
[White "Makoveev, Ilya"]
[Black "Afanasiev, Nikita"]
[Result "0-1"]
[WhiteTitle "FM"]
[BlackTitle "IM"]
[WhiteElo "2277"]
[BlackElo "2517"]
[WhiteFideId "34155748"]
[BlackFideId "24183555"]
[EventDate "2019.12.26"]

1. e4 e5 2. Nf3 Nc6 3. Bc4 Nf6 4. d3 h6 5. O-O d6 6. c3 g5 7. Nbd2 Bg7 8. Bb3
O-O 9. Nc4 d5 10. Ncxe5 dxe4 11. dxe4 Qxd1 12. Rxd1 Nxe5 13. Nxe5 Nxe4 14. Nd3
a5 15. a4 Bf5 16. Be3 b6 17. f3 Nd6 18. h4 Rfe8 19. Kf2 Bf6 20. g4 Bg6 21. Bd4
Kg7 22. Ne1 Rad8 23. Ng2 Bxd4+ 24. cxd4 f5 25. Rac1 Re7 26. Ne3 fxg4 27. Nxg4
Nf5 28. hxg5 hxg5 29. d5 Rde8 30. Rd2 Bh5 31. Nh2 Kf6 32. Bc2 Nd6 33. Bb1 Rh8
34. Nf1 Be8 35. b3 Rh4 36. Ne3 Rh2+ 37. Ng2 Bf7 38. Kg3 Rh8 39. Kf2 Rh3 40. Ne3
Bh5 41. Kg2 Rxf3 42. Nc4 Rxb3 43. Rf2+ Kg7 44. Nxd6 cxd6 45. Rf5 Re2+ 46. Kf1
Rf3+ 47. Rxf3 Bxf3 48. Rc7+ Kf6 49. Rd7 Rb2 50. Rxd6+ Ke5 51. Re6+ Kxd5 52. Bf5
Rb4 53. Kf2 Rf4 54. Rxb6 Be4+ 55. Ke2 Rxf5 0-1

[Event "World Rapid 2019"]
[Site "Moscow RUS"]
[Date "2019.12.27"]
[Round "6.93"]
[White "Krsnik Cohar, Ivan Vihor"]
[Black "Donchenko, Alexander"]
[Result "1/2-1/2"]
[WhiteTitle "FM"]
[BlackTitle "GM"]
[WhiteElo "2313"]
[BlackElo "2644"]
[WhiteFideId "14520044"]
[BlackFideId "24603295"]
[EventDate "2019.12.26"]

1. d4 d5 2. Bg5 f6 3. Bh4 Nh6 4. f3 c5 5. c3 cxd4 6. cxd4 Qb6 7. Nc3 e6 8. Qd2
Nc6 9. Bf2 Nf5 10. e4 dxe4 11. fxe4 Nfxd4 12. O-O-O e5 13. Nf3 Bc5 14. Na4 Qb4
15. Qxb4 Bxb4 16. Nxd4 exd4 17. Bb5 Bd7 18. Bxd4 Rc8 19. Bc3 Be7 20. Rhe1 Bg4
21. Rd5 a6 22. Bxc6+ Rxc6 23. e5 Kf7 24. exf6 gxf6 25. b4 Bxb4 26. Kb2 Be7 27.
Bd4 Rhc8 28. Nc3 Rc4 29. h3 Rb4+ 30. Kc2 Be6 31. Rh5 h6 32. Be3 Ra4 33. Rxh6
Rxa2+ 34. Kb1 Rxc3 35. Rh7+ Ke8 36. Bd4 Rb3+ 1/2-1/2

[Event "World Rapid 2019"]
[Site "Moscow RUS"]
[Date "2019.12.27"]
[Round "6.94"]
[White "Gundavaa, Bayarsaikhan"]
[Black "Guimaraes, Diogo Duarte"]
[Result "1-0"]
[WhiteTitle "GM"]
[BlackTitle "FM"]
[WhiteElo "2489"]
[BlackElo "2322"]
[WhiteFideId "4901045"]
[BlackFideId "2112450"]
[EventDate "2019.12.26"]

1. d4 Nf6 2. c4 e6 3. Nc3 d5 4. cxd5 exd5 5. Bg5 c6 6. Qc2 Be7 7. e3 Nbd7 8. Bd3
Nf8 9. Nf3 Ne6 10. Bh4 g6 11. O-O Ng7 12. b4 Nf5 13. Bg5 h6 14. Bxf6 Bxf6 15. b5
O-O 16. bxc6 bxc6 17. Na4 Bd7 18. Bxf5 gxf5 19. Nc5 Rc8 20. Rab1 Rc7 21. Na6 Rc8
22. Rb7 Be6 23. Rfb1 Qa5 24. Nc5 Bd8 25. Ne5 Bb6 26. Nxe6 fxe6 27. Qe2 Rc7 28.
R1xb6 axb6 29. Rxc7 Ra8 30. h3 b5 31. Rxc6 1-0

[Event "World Rapid 2019"]
[Site "Moscow RUS"]
[Date "2019.12.27"]
[Round "6.95"]
[White "Atabayev, Saparmyrat"]
[Black "Iljiushenok, Ilia"]
[Result "1-0"]
[WhiteTitle "IM"]
[BlackTitle "GM"]
[WhiteElo "2425"]
[BlackElo "2521"]
[WhiteFideId "14000571"]
[BlackFideId "24105074"]
[EventDate "2019.12.26"]

1. d4 e6 2. c4 Bb4+ 3. Bd2 a5 4. g3 d6 5. Bg2 e5 6. Qa4+ Qd7 7. Qxd7+ Nxd7 8.
Nf3 Ngf6 9. Nc3 c6 10. a3 Bxc3 11. Bxc3 exd4 12. Nxd4 Nb6 13. Nxc6 bxc6 14.
Bxc6+ Ke7 15. Bxa8 Nxa8 16. Bxa5 Ba6 17. b3 Rb8 18. Bb4 Ke6 19. O-O-O d5 20. e4
Nxe4 21. Rhe1 Kf6 22. Rxd5 Nc7 23. Rxe4 Nxd5 24. cxd5 Bb7 25. Bc3+ Kg5 26. h4+
Kh5 27. Rb4 f6 28. Kd2 1-0

[Event "World Rapid 2019"]
[Site "Moscow RUS"]
[Date "2019.12.27"]
[Round "6.96"]
[White "Lam, Daniel King Wai"]
[Black "Baron, Tal"]
[Result "1-0"]
[WhiteTitle "FM"]
[BlackTitle "GM"]
[WhiteElo "2110"]
[BlackElo "2541"]
[WhiteFideId "6001238"]
[BlackFideId "2809958"]
[EventDate "2019.12.26"]

1. e4 e5 2. Nf3 Nc6 3. d4 exd4 4. Nxd4 Bc5 5. Nxc6 bxc6 6. Bd3 d6 7. O-O Nf6 8.
Nc3 Ng4 9. Qf3 O-O 10. Qg3 Rb8 11. Na4 Bd4 12. c3 Bf6 13. f4 h5 14. h3 h4 15.
Qf3 Nh6 16. Be3 Bd7 17. e5 dxe5 18. fxe5 Bg5 19. Rad1 Bxe3+ 20. Qxe3 Qe7 21. b4
Be6 22. Qe4 g6 23. Qxc6 Qg5 24. Qf3 Rbd8 25. Qf4 Qxf4 26. Rxf4 Bxa2 27. Nc5 Rfe8
28. Ra1 Bd5 29. Rxh4 Kg7 30. Rxa7 Rxe5 31. Rd4 Rg5 32. Be4 Bxe4 33. Rxd8 Bxg2
34. Kh2 Bf3 35. Rd2 Nf5 36. Rxc7 Kf6 37. Rf2 Ba8 38. b5 Ke5 39. b6 Kd6 40. Rxf7
Kxc5 41. b7 Bxb7 42. Rxb7 Nd6 43. Rb4 Nb5 44. Rg4 Re5 45. Rxg6 Nxc3 46. Rc2 Kd4
47. Rd6+ Nd5 48. Rd2+ Kc5 49. Rd8 Ne3 50. Rc8+ Kb4 51. Rb2+ Ka3 52. Rb7 1-0

[Event "World Rapid 2019"]
[Site "Moscow RUS"]
[Date "2019.12.27"]
[Round "6.97"]
[White "Studer, Noel"]
[Black "Mikhailovsky, Vladimir"]
[Result "1-0"]
[WhiteTitle "GM"]
[BlackTitle "CM"]
[WhiteElo "2546"]
[BlackElo "2209"]
[WhiteFideId "1319620"]
[BlackFideId "34105414"]
[EventDate "2019.12.26"]

1. d4 Nf6 2. c4 c5 3. d5 g6 4. Nc3 Bg7 5. e4 O-O 6. Nf3 d6 7. h3 a6 8. a4 e6 9.
Bd3 Nbd7 10. Be3 b6 11. O-O e5 12. Rb1 Nh5 13. Re1 Nf4 14. Bf1 Nf6 15. b4 h6 16.
a5 cxb4 17. Bxb6 Qe7 18. Rxb4 g5 19. c5 g4 20. hxg4 Bxg4 21. Rc4 Nh7 22. Re3 Ng5
23. g3 Nfh3+ 24. Kg2 f5 25. Be2 f4 26. Rd3 h5 27. cxd6 Qf6 28. d7 Nxf2 29. Bxf2
fxg3 30. Bxg3 Bh3+ 31. Kh2 h4 32. Nxh4 Bxd7 33. Rc7 Qd8 34. d6 Nh3 35. Rxd7 Qxd7
36. Bg4 Qd8 37. Kxh3 Rb8 38. Be6+ 1-0

[Event "World Rapid 2019"]
[Site "Moscow RUS"]
[Date "2019.12.27"]
[Round "6.98"]
[White "Usov, Aleksandr E."]
[Black "Tissir, Mohamed"]
[Result "0-1"]
[BlackTitle "IM"]
[WhiteElo "2012"]
[BlackElo "2379"]
[WhiteFideId "24257109"]
[BlackFideId "9000240"]
[EventDate "2019.12.26"]

1. e4 c5 2. Nf3 d6 3. Bb5+ Nd7 4. O-O Nf6 5. Re1 a6 6. Bf1 e6 7. d4 cxd4 8. Nxd4
Be7 9. c4 O-O 10. Nc3 Qc7 11. Be3 b6 12. f3 Bb7 13. Rc1 Rac8 14. b3 Rfe8 15. Qd2
Qb8 16. Red1 Bd8 17. Qf2 Bc7 18. g3 Qa8 19. Rc2 h6 20. Rcd2 Ne5 21. Nc2 d5 22.
cxd5 exd5 23. exd5 Bd6 24. Bd4 Nxd5 25. Ne4 Bf8 26. Bg2 f5 27. f4 Nf7 28. Bh3
fxe4 29. Bxc8 Qxc8 30. Ne3 Nb4 31. Qe2 Nd3 32. Rc2 Qe6 33. Qg4 Qxg4 34. Nxg4 Bc5
35. Bxc5 bxc5 36. Ne3 Nd6 37. Rdd2 Nb5 38. Rd1 Nd4 39. Rcd2 Nf3+ 40. Kg2 Nxd2
41. Rxd2 Rd8 42. Kf1 a5 43. Kg1 Rd4 44. Nf5 Rd7 45. Ne3 Ba6 46. Ng4 a4 47. h4
axb3 48. axb3 Rb7 49. Ra2 Rb6 50. Ne3 Bb7 51. Ra3 Nc1 52. Ra1 Ne2+ 53. Kf2 Nd4
54. Rc1 Rxb3 55. Rxc5 Rb2+ 0-1

[Event "World Rapid 2019"]
[Site "Moscow RUS"]
[Date "2019.12.27"]
[Round "6.99"]
[White "Mamatov, Melis"]
[Black "Al Nhier, Hamoud"]
[Result "1-0"]
[BlackTitle "FM"]
[WhiteElo "2292"]
[BlackElo "1934"]
[WhiteFideId "13800027"]
[BlackFideId "21500045"]
[EventDate "2019.12.26"]

1. e4 Nc6 2. Nf3 e5 3. Bc4 Nf6 4. d3 Bc5 5. c3 O-O 6. a4 a5 7. Na3 d5 8. exd5
Nxd5 9. Nc2 Nb6 10. Bb5 Bf5 11. O-O Na7 12. d4 exd4 13. Ncxd4 Nxb5 14. Nxf5 Qf6
15. Qc2 Nd6 16. Be3 Bxe3 17. Nxe3 Rfe8 18. Rfe1 h6 19. c4 Rxe3 20. Rxe3 Nbxc4
21. Rc3 Nb6 22. Rxc7 Nd5 23. Rc5 Nb4 24. Qc3 Qe6 25. Qe5 Qxe5 26. Rxe5 Nc4 27.
Rb5 Ra7 28. b3 Nd6 29. Rc5 Ra6 30. Rd1 f6 31. h4 Ne4 32. Rc8+ Kh7 33. h5 1-0

[Event "World Rapid 2019"]
[Site "Moscow RUS"]
[Date "2019.12.27"]
[Round "6.100"]
[White "Miranda Neto, Jayme Amorim"]
[Black "Al Mutairi, Hassan S"]
[Result "1/2-1/2"]
[WhiteTitle "CM"]
[BlackTitle "CM"]
[WhiteElo "2102"]
[BlackElo "1883"]
[WhiteFideId "2115964"]
[BlackFideId "21500193"]
[EventDate "2019.12.26"]

1. d4 Nf6 2. Nf3 e6 3. e3 c5 4. Bd3 b6 5. O-O Bb7 6. c3 cxd4 7. exd4 d6 8. Qe2
Be7 9. Bg5 Nbd7 10. Nbd2 h6 11. Bh4 Nd5 12. Bg3 O-O 13. h3 Re8 14. Rfe1 a6 15.
a3 b5 16. Bc2 N7f6 17. Qd3 a5 18. Qxb5 Ba6 19. Qb3 Rb8 20. Qa2 Qc7 21. Rec1 Nh5
22. Bh2 Nhf4 23. Bxf4 Nxf4 24. Re1 Rec8 25. Re3 Bb7 26. Rae1 Bd5 27. Qa1 Qb7 28.
b3 Bf6 29. Qd1 Bc6 30. Nc4 Qc7 31. Ncd2 Nd5 32. Rd3 Nf4 33. Rde3 Nd5 34. Rd3 Nf4 1/2-1/2

[Event "World Rapid 2019"]
[Site "Moscow RUS"]
[Date "2019.12.27"]
[Round "6.101"]
[White "Al Thebaiti, Ahmed M"]
[Black "Al Ghamdi, Ahmed M"]
[Result "1/2-1/2"]
[WhiteTitle "CM"]
[BlackTitle "CM"]
[WhiteElo "1976"]
[BlackElo "2107"]
[WhiteFideId "21502390"]
[BlackFideId "21500150"]
[EventDate "2019.12.26"]

1. d4 Nf6 2. Bf4 d6 3. e3 g6 4. Nf3 Bg7 5. h3 O-O 6. Be2 b6 7. Bh2 Bb7 8. O-O
Nbd7 9. c4 Ne4 10. Nbd2 e5 11. d5 Nxd2 12. Nxd2 f5 13. Rb1 a5 14. a3 a4 15. Bd3
Nc5 16. Bc2 Bc8 1/2-1/2